Artistes allemands les plus écoutés sur Spotify - Statistiques

Statistiques générales
  • Ce quiz a été pris 29 fois
    16 depuis la dernière actualisation
  • Le résultat moyen est 2 sur 20
Statistiques - réponses
Nb d'auditeurs/mois Artiste N° dans
le monde
% Correct
10 645 000 Rammstein 762
64%
6 110 000 Modern Talking 1583
36%
12 740 000 Scorpions 591
29%
27 645 000 Robin Schulz 156
14%
6 525 000 Alphaville 1464
7%
12 055 000 Boney M. 632
7%
7 345 000 Cascada 1282
7%
8 110 000 Jean-Sébastien Bach 1112
7%
7 480 000 Ludwig van Beethoven 1247
7%
12 675 000 Purple Disco Machine 597
7%
19 685 000 Felix Jaehn 302
0%
7 190 000 Haddaway 1317
0%
10 220 000 Hans Zimmer 814
0%
20 975 000 Kim Petras 273
0%
6 600 000 La Bouche 1451
0%
6 485 000 Michael Schulte 1481
0%
13 380 000 Milky Chance 552
0%
6 785 000 Sash! 1401
0%
15 005 000 Topic 483
0%
15 900 000 Zedd 433
0%
Aucun quiz correspondant
Distribution des résultats
% des personnes avec chaque résultat
Percentile par nombre de réponses
Votre historique - résultats
Vous n’avez pas pris ce quiz depuis la dernière actualisation